[Event "Helsingor Xtracon op"]
[Site "Helsingor"]
[Date "2017.07.30"]
[Round "10"]
[White "Lindgaard, Tobias Simon"]
[Black "Jacobsen, Caroline Beer"]
[Result "0-1"]
[WhiteElo "1705"]
[BlackElo "1538"]
[PlyCount "102"]
[EventDate "2017.07.22"]
[EventType "swiss"]
[EventRounds "10"]
[EventCountry "DEN"]
[SourceTitle "CBM 179 Extra"]
[Source "ChessBase"]
[SourceDate "2017.08.23"]
[SourceVersion "1"]
[SourceVersionDate "2017.08.23"]
[SourceQuality "1"]

1. c4 e5 2. Nc3 Nf6 3. d3 d5 4. cxd5 Nxd5 5. Nf3 Nc6 6. a3 Be7 7. Bd2 0-0 8. e4 Nb6 9. b4 Bf6 10. Be2 Nd4 11. Rc1 Nxe2 12. Qxe2 Bg4 13. h3 Be6 14. g4 g6 15. Bh6 Re8 16. Qe3 Qd7 17. g5 Bh8 18. h4 Red8 19. Rd1 Na4 20. Ne2 Nb2 21. Rd2 Nxd3+ 22. Kf1 Bh3+ 23. Kg1 Qg4+ 24. Ng3 Nf4 25. Rxd8+ Rxd8 26. Kh2 Rd3 27. Qc5 Ne6 28. Qe7 Rd8 29. Rd1 Rb8 30. Rd3 Nd4 31. Ng1 Qd7 32. Qc5 b6 33. Qc1 Bg4 34. f3 Be6 35. h5 Qe7 36. N1e2 c5 37. Nxd4 exd4 38. f4 c4 39. Rf3 Bg4 40. Rf2 c3 41. f5 Be5 42. hxg6 hxg6 43. f6 Qc7 44. Rg2 d3 45. Qe1 d2 46. Rxd2 cxd2 47. Qxd2 Bxg3+ 48. Kg2 Bf4 49. Qe1 Qc2+ 50. Kg1 Bh2+ 51. Kh1 Bf3# 0-1

[Event "Helsingor Xtracon op"]
[Site "Helsingor"]
[Date "2017.07.27"]
[Round "7"]
[White "Jacobsen, Caroline Beer"]
[Black "Johansen, Paul Ivar"]
[Result "1-0"]
[WhiteElo "1538"]
[BlackElo "1301"]
[PlyCount "49"]
[EventDate "2017.07.22"]
[EventType "swiss"]
[EventRounds "10"]
[EventCountry "DEN"]
[SourceTitle "CBM 179 Extra"]
[Source "ChessBase"]
[SourceDate "2017.08.23"]
[SourceVersion "1"]
[SourceVersionDate "2017.08.23"]
[SourceQuality "1"]

1. e4 c6 2. d4 d5 3. Nc3 dxe4 4. Nxe4 Bf5 5. Ng3 Bg6 6. Nf3 Nd7 7. h4 h6 8. Bd3 Bxd3 9. Qxd3 Ngf6 10. Bf4 e6 11. 0-0-0 Be7 12. Qb3 Nd5 13. Bd2 0-0 14. Ne5 N7f6 15. Qf3 Rc8 16. Ne2 b5 17. g4 Nh7 18. g5 hxg5 19. hxg5 Bxg5 20. Rdg1 Bxd2+ 21. Kxd2 Qf6 22. Qh5 Qf4+ 23. Nxf4 Ndf6 24. Qh6 Ne4+ 25. Kc1 1-0

[Event "Helsingor Xtracon op"]
[Site "Helsingor"]
[Date "2017.07.24"]
[Round "4"]
[White "Sidali, Elias Hulleberg"]
[Black "Jacobsen, Caroline Beer"]
[Result "1/2-1/2"]
[WhiteElo "1672"]
[BlackElo "1538"]
[PlyCount "23"]
[EventDate "2017.07.22"]
[EventType "swiss"]
[EventRounds "10"]
[EventCountry "DEN"]
[SourceTitle "CBM 179 Extra"]
[Source "ChessBase"]
[SourceDate "2017.08.23"]
[SourceVersion "1"]
[SourceVersionDate "2017.08.23"]
[SourceQuality "1"]

1. e4 e5 2. Nf3 Nc6 3. Bb5 a6 4. Bxc6 dxc6 5. 0-0 Bg4 6. d3 Bc5 7. h3 Bxf3 8. Qxf3 Qf6 9. Nd2 0-0-0 10. Qxf6 Nxf6 11. Nf3 Nd7 12. Bd2 1/2-1/2

[Event "Politiken Cup 37th"]
[Site "Helsingor"]
[Date "2015.08.01"]
[Round "9"]
[White "Jacobsen, Caroline Beer"]
[Black "Maselli, David"]
[Result "1-0"]
[WhiteElo "1666"]
[BlackElo "1387"]
[PlyCount "55"]
[EventDate "2015.07.25"]
[EventType "swiss"]
[EventRounds "10"]
[EventCountry "DEN"]
[SourceTitle "CBM 167 Extra"]
[Source "ChessBase"]
[SourceDate "2015.09.14"]
[SourceVersion "1"]
[SourceVersionDate "2015.09.14"]
[SourceQuality "1"]

1. e4 g6 2. d4 Bg7 3. Nf3 d6 4. Bc4 Bg4 5. Bxf7+ Kxf7 6. Ng5+ Ke8 7. Qxg4 Bxd4 8. Qf4 Bf6 9. Ne6 Qd7 10. Qg4 Kf7 11. Ng5+ Ke8 12. Qxd7+ Nxd7 13. Ne6 Kf7 14. Ng5+ Bxg5 15. Bxg5 Ngf6 16. Nc3 h6 17. Be3 Nc5 18. f3 Rad8 19. Ke2 a6 20. Rad1 Rd7 21. e5 Rhd8 22. exf6 exf6 23. Bxc5 dxc5 24. Rxd7+ Rxd7 25. Rd1 Re7+ 26. Kf2 b6 27. Rd8 a5 28. Nd5 1-0

[Event "Politiken Cup 37th"]
[Site "Helsingor"]
[Date "2015.07.31"]
[Round "8"]
[White "Shehzad, Alisha"]
[Black "Jacobsen, Caroline Beer"]
[Result "0-1"]
[WhiteElo "1266"]
[BlackElo "1666"]
[PlyCount "46"]
[EventDate "2015.07.25"]
[EventType "swiss"]
[EventRounds "10"]
[EventCountry "DEN"]
[SourceTitle "CBM 167 Extra"]
[Source "ChessBase"]
[SourceDate "2015.09.14"]
[SourceVersion "1"]
[SourceVersionDate "2015.09.14"]
[SourceQuality "1"]

1. e4 e5 2. Nf3 Nc6 3. Bb5 a6 4. Bxc6 dxc6 5. d3 Bg4 6. 0-0 Nf6 7. Bg5 Be7 8. Nbd2 Nh5 9. Bxe7 Qxe7 10. h3 Bxf3 11. Nxf3 0-0-0 12. Nd2 Nf4 13. Qg4+ Kb8 14. Nb3 h5 15. Qf3 g5 16. Rfe1 g4 17. hxg4 hxg4 18. Qg3 Rdg8 19. Nc1 Nh5 20. Qe3 Qh4 21. Ne2 Nf4 22. Ng3 Qh2+ 23. Kf1 Qxg2# 0-1

[Event "Fagernes Norsk op-B"]
[Site "Fagernes"]
[Date "2015.03.29"]
[Round "1"]
[White "Jacobsen, Caroline Beer"]
[Black "Donchenko, Irina"]
[Result "0-1"]
[WhiteElo "1668"]
[BlackElo "2058"]
[PlyCount "49"]
[EventDate "2015.03.29"]
[EventType "swiss"]
[EventRounds "9"]
[EventCountry "NOR"]
[SourceTitle "EXT 2016"]
[Source "ChessBase"]
[SourceDate "2015.10.08"]
[SourceVersion "1"]
[SourceVersionDate "2015.10.08"]
[SourceQuality "1"]

1. e4 g6 2. d4 Bg7 3. Nf3 d6 4. Be2 a6 5. 0-0 b5 6. c3 Bb7 7. d5 Nf6 8. Nbd2 c6 9. c4 bxc4 10. Bxc4 cxd5 11. Qb3 dxc4 12. Qxb7 Nbd7 13. Nxc4 Qc8 14. Qxc8+ Rxc8 15. Ncd2 0-0 16. Ne1 Nc5 17. f3 Nfd7 18. Nb3 Na4 19. Nd3 Rb8 20. Rf2 Rfc8 21. Bg5 Kf8 22. Rb1 Nac5 23. Nbc1 Nxd3 24. Nxd3 Bd4 25. Kf1 0-1

[Event "Fagernes Norsk op-B"]
[Site "Fagernes"]
[Date "2015.03.29"]
[Round "7"]
[White "Jacobsen, Caroline Beer"]
[Black "Shehzad, Shazil Khan"]
[Result "1-0"]
[WhiteElo "1668"]
[BlackElo "1518"]
[PlyCount "149"]
[EventDate "2015.03.29"]
[EventType "swiss"]
[EventRounds "9"]
[EventCountry "NOR"]
[SourceTitle "EXT 2016"]
[Source "ChessBase"]
[SourceDate "2015.10.08"]
[SourceVersion "1"]
[SourceVersionDate "2015.10.08"]
[SourceQuality "1"]

1. e4 c5 2. Nc3 e6 3. f4 d5 4. exd5 exd5 5. d4 b6 6. dxc5 d4 7. Qf3 Qc7 8. Bb5+ Nd7 9. Qxa8 dxc3 10. Qe4+ Ne7 11. bxc3 Qxc5 12. c4 a6 13. Bxd7+ Bxd7 14. Nf3 Bc6 15. Qe2 Bxf3 16. Qxf3 Qxc4 17. Qd3 Qxd3 18. cxd3 Nd5 19. Bd2 Bd6 20. g3 Kd7 21. Kf2 Bc5+ 22. Kf3 Nb4 23. Bxb4 Bxb4 24. Rac1 Bc5 25. Rc4 Bd6 26. Rhc1 Rb8 27. Rc6 Bc5 28. R1xc5 bxc5 29. Rxc5 Rb2 30. Ra5 Rb6 31. Ke4 Ke6 32. d4 g6 33. g4 f6 34. Kd3 Kd6 35. Kc4 Rc6+ 36. Kd3 Rb6 37. Ke4 Ke6 38. f5+ gxf5+ 39. gxf5+ Kd6 40. Ra3 Kc6 41. Rh3 Rb7 42. Rb3 Rxb3 43. axb3 Kd6 44. Ke3 Kd5 45. h3 h6 46. Kd3 Kd6 47. Kc4 Kc6 48. Kb4 Kd5 49. Ka5 Ke4 50. Kxa6 Kxf5 51. b4 Ke4 52. b5 f5 53. b6 f4 54. b7 Kxd4 55. b8Q Ke3 56. Qe5+ Kf3 57. Qh5+ Kg3 58. Qxh6 f3 59. Qe3 Kg2 60. h4 f2 61. Qe2 Kg1 62. h5 f1Q 63. Qxf1+ Kxf1 64. h6 Ke2 65. h7 Ke3 66. h8Q Ke4 67. Qh5 Kd4 68. Kb6 Ke4 69. Kc6 Kd4 70. Qf5 Ke3 71. Qg4 Kd3 72. Kc5 Ke3 73. Kd5 Kd3 74. Qg3+ Kd2 75. Kc4 1-0

[Event "Fagernes Norsk op-B"]
[Site "Fagernes"]
[Date "2015.03.29"]
[Round "2"]
[White "Shehzad, Alisha"]
[Black "Jacobsen, Caroline Beer"]
[Result "0-1"]
[WhiteElo "879"]
[BlackElo "1668"]
[PlyCount "160"]
[EventDate "2015.03.29"]
[EventType "swiss"]
[EventRounds "9"]
[EventCountry "NOR"]
[SourceTitle "EXT 2016"]
[Source "ChessBase"]
[SourceDate "2015.10.08"]
[SourceVersion "1"]
[SourceVersionDate "2015.10.08"]
[SourceQuality "1"]

1. e4 e5 2. Nf3 Nc6 3. Bb5 a6 4. Bxc6 dxc6 5. d3 Bg4 6. 0-0 Bc5 7. Be3 Bb6 8. Nc3 Bd4 9. Rb1 Ne7 10. h3 Bh5 11. Re1 f6 12. Qe2 Bf7 13. a3 0-0 14. Nh2 c5 15. Kh1 Qd7 16. f4 exf4 17. Bxf4 Ng6 18. Bg3 Ne5 19. Rf1 b5 20. Nf3 Nxf3 21. Qxf3 c6 22. Qf5 Be6 23. Qf3 a5 24. Ne2 Ba2 25. Ra1 Qe6 26. Nxd4 cxd4 27. b3 Bxb3 28. cxb3 Qxb3 29. Rfb1 Qe6 30. Qf5 Qe7 31. Rc1 Rfc8 32. Qc5 Qd7 33. Qd6 Ra7 34. Qxd7 Rxd7 35. Rc5 Rb7 36. Rac1 b4 37. Rxa5 b3 38. Rac5 b2 39. Rb1 Rb3 40. Rc2 Rxd3 41. Bf2 c5 42. Rcxb2 Rxa3 43. Rd2 Rc3 44. Rbd1 Re8 45. Re1 d3 46. Re3 c4 47. Rd1 Rc2 48. Be1 Re5 49. Kg1 f5 50. Kh2 fxe4 51. Kg3 g5 52. Rd2 Rc1 53. h4 h6 54. Kg4 c3 55. Rdxd3 Rxe1 56. Rxc3 Rxe3 57. Rxe3 Kf7 58. hxg5 hxg5 59. g3 Ke6 60. Kh3 Kf5 61. Kg2 Rd5 62. Re2 Rd4 63. Kf2 Rd3 64. Kg2 Rf3 65. Kh2 g4 66. Kg2 Rb3 67. Kf2 Ke5 68. Re1 Kd4 69. Rd1+ Rd3 70. Re1 e3+ 71. Ke2 Rd2+ 72. Kf1 Ke4 73. Kg1 Kf3 74. Kf1 e2+ 75. Rxe2 Rxe2 76. Kg1 Kxg3 77. Kf1 Kf3 78. Kg1 Rd2 79. Kh1 Kg3 80. Kg1 Rd1# 0-1

[Event "Fagernes Norsk op-B"]
[Site "Fagernes"]
[Date "2015.03.29"]
[Round "8"]
[White "Smits, Francois"]
[Black "Jacobsen, Caroline Beer"]
[Result "1-0"]
[WhiteElo "2064"]
[BlackElo "1668"]
[PlyCount "43"]
[EventDate "2015.03.29"]
[EventType "swiss"]
[EventRounds "9"]
[EventCountry "NOR"]
[SourceTitle "EXT 2016"]
[Source "ChessBase"]
[SourceDate "2015.10.08"]
[SourceVersion "1"]
[SourceVersionDate "2015.10.08"]
[SourceQuality "1"]

1. d4 Nf6 2. Nf3 e6 3. Bf4 b6 4. e3 Bb7 5. Bd3 d5 6. Nbd2 Nbd7 7. c3 Be7 8. Ne5 Nxe5 9. dxe5 Nd7 10. Qg4 Bf8 11. Nf3 h6 12. Qh5 Nc5 13. Bc2 g6 14. Qh3 Bg7 15. 0-0-0 g5 16. e4 gxf4 17. exd5 exd5 18. Nd4 Bxe5 19. Rhe1 f6 20. b4 Na6 21. Bg6+ Kf8 22. Ne6+ 1-0

[Event "Politiken Cup 36th"]
[Site "Helsingor"]
[Date "2014.07.27"]
[Round "8"]
[White "Egholm, Leif"]
[Black "Jacobsen, Caroline Beer"]
[Result "0-1"]
[WhiteElo "1718"]
[BlackElo "1622"]
[PlyCount "76"]
[EventDate "2014.07.21"]
[EventType "swiss"]
[EventRounds "10"]
[EventCountry "DEN"]
[SourceTitle "CBM 161 Extra"]
[Source "ChessBase"]
[SourceDate "2014.08.29"]
[SourceVersion "1"]
[SourceVersionDate "2014.08.29"]
[SourceQuality "1"]

1. e4 e5 2. f4 d5 3. exd5 Qxd5 4. Nc3 Qe6 5. d3 exf4+ 6. Be2 Bd6 7. Nf3 Nf6 8. Nb5 Nc6 9. Nxd6+ Qxd6 10. h3 Nd5 11. Kf2 Bf5 12. Re1 0-0-0 13. Ng1 Qc5+ 14. Kf1 Rde8 15. c3 Ne3+ 16. Bxe3 Rxe3 17. d4 Qd6 18. Bg4 Qg6 19. Bxf5+ Qxf5 20. Rxe3 fxe3+ 21. Nf3 Re8 22. Qe2 Qf4 23. Kg1 g5 24. Rf1 Qf5 25. Nh2 Qe6 26. Rf3 f5 27. g3 Qe4 28. Kf1 f4 29. gxf4 gxf4 30. Ng4 Rf8 31. Nxe3 Re8 32. d5 Nd8 33. d6 fxe3 34. dxc7 Qb1+ 35. Kg2 Rg8+ 36. Rg3 Rxg3+ 37. Kxg3 Qg1+ 38. Kh4 Qf2+ 0-1

[Event "Politiken Cup 36th"]
[Site "Helsingor"]
[Date "2014.07.24"]
[Round "5"]
[White "Stuhr, Finn"]
[Black "Jacobsen, Caroline Beer"]
[Result "0-1"]
[WhiteElo "1800"]
[BlackElo "1622"]
[PlyCount "46"]
[EventDate "2014.07.21"]
[EventType "swiss"]
[EventRounds "10"]
[EventCountry "DEN"]
[SourceTitle "CBM 161 Extra"]
[Source "ChessBase"]
[SourceDate "2014.08.29"]
[SourceVersion "1"]
[SourceVersionDate "2014.08.29"]
[SourceQuality "1"]

1. e4 e5 2. Nf3 Nc6 3. Bb5 a6 4. Ba4 Nf6 5. 0-0 Be7 6. Re1 b5 7. Bb3 d6 8. c3 0-0 9. d4 Bg4 10. Qd3 Bxf3 11. gxf3 Nh5 12. Be3 Bg5 13. Kf1 Bf4 14. Qd2 Bxh2 15. Bd5 Qd7 16. dxe5 dxe5 17. Bc5 Nf4 18. Rc1 Rfd8 19. c4 Qh3+ 20. Ke1 Ng2+ 21. Ke2 Bf4 22. Be3 Nd4+ 23. Kf1 Qh1# 0-1

[Event "Politiken Cup 36th"]
[Site "Helsingor"]
[Date "2014.07.22"]
[Round "2"]
[White "Jacobsen, Caroline Beer"]
[Black "Moller, Arne Vagn"]
[Result "0-1"]
[WhiteElo "1622"]
[BlackElo "1886"]
[PlyCount "50"]
[EventDate "2014.07.21"]
[EventType "swiss"]
[EventRounds "10"]
[EventCountry "DEN"]
[SourceTitle "CBM 161 Extra"]
[Source "ChessBase"]
[SourceDate "2014.08.29"]
[SourceVersion "1"]
[SourceVersionDate "2014.08.29"]
[SourceQuality "1"]

1. e4 c5 2. Nc3 d6 3. f4 e6 4. Bb5+ Bd7 5. Bxd7+ Qxd7 6. d3 Nc6 7. Nf3 g6 8. 0-0 Bg7 9. Qe1 Nge7 10. a3 0-0 11. Qh4 Nd4 12. Rf2 Nec6 13. Nd1 Qe7 14. Qh3 f5 15. e5 Nxf3+ 16. gxf3 dxe5 17. fxe5 Nxe5 18. Rg2 f4 19. Nf2 Rf5 20. Rg4 Nxg4 21. fxg4 Rf7 22. c3 g5 23. Bd2 Rd8 24. Ne4 h6 25. Rf1 b6 0-1

[Event "Politiken Cup 36th"]
[Site "Helsingor"]
[Date "2014.07.22"]
[Round "3"]
[White "Nielsen, Jens Holm"]
[Black "Jacobsen, Caroline Beer"]
[Result "1-0"]
[WhiteElo "1802"]
[BlackElo "1622"]
[PlyCount "117"]
[EventDate "2014.07.21"]
[EventType "swiss"]
[EventRounds "10"]
[EventCountry "DEN"]
[SourceTitle "CBM 161 Extra"]
[Source "ChessBase"]
[SourceDate "2014.08.29"]
[SourceVersion "1"]
[SourceVersionDate "2014.08.29"]
[SourceQuality "1"]

1. Nc3 Nf6 2. e4 e5 3. Nf3 Nc6 4. Bc4 Nxe4 5. Nxe4 d5 6. Bd3 dxe4 7. Bxe4 Qf6 8. d3 Bg4 9. c3 Bc5 10. Be3 Bb6 11. Qa4 Bxe3 12. fxe3 Bxf3 13. Bxf3 0-0 14. 0-0 Qh6 15. Rae1 f5 16. Qb3+ Kh8 17. Bxc6 Qxc6 18. d4 exd4 19. exd4 Rf6 20. Rf2 f4 21. d5 Qb6 22. Qxb6 axb6 23. Re7 Rc8 24. Rfe2 h5 25. Re8+ Rxe8 26. Rxe8+ Kh7 27. Re7 c6 28. Re5 Kh6 29. h4 Rg6 30. Kf2 Rd6 31. c4 b5 32. Re6+ Rxe6 33. dxe6 Kg6 34. cxb5 cxb5 35. Kf3 Kf6 36. Kxf4 g6 37. e7 Kxe7 38. Ke5 b4 39. a4 b3 40. a5 Kd7 41. Kd5 Kc7 42. Kc5 Kd7 43. Kb6 Kc8 44. g3 Kb8 45. a6 bxa6 46. Kxa6 Kc7 47. Kb5 Kd6 48. Kc4 Ke5 49. Kxb3 Kf5 50. Kc3 Kg4 51. b4 Kxg3 52. b5 Kxh4 53. b6 Kg4 54. b7 h4 55. b8Q g5 56. Kd3 h3 57. Ke3 Kh4 58. Kf3 g4+ 59. Kf2 1-0

[Event "Sunningdale e2e4 U2200 op 04"]
[Site "Sunningdale"]
[Date "2014.04.19"]
[Round "4"]
[White "Jacobsen, Caroline Beer"]
[Black "Torrance, John"]
[Result "1-0"]
[WhiteElo "1643"]
[BlackElo "1713"]
[PlyCount "75"]
[EventDate "2014.04.17"]
[EventType "swiss"]
[EventRounds "7"]
[EventCountry "ENG"]
[SourceTitle "EXT 2015"]
[Source "ChessBase"]
[SourceDate "2014.11.20"]
[SourceVersion "1"]
[SourceVersionDate "2014.11.20"]
[SourceQuality "1"]

1. e4 e5 2. Nf3 d6 3. d4 Qe7 4. d5 h6 5. Nc3 c6 6. Bc4 Nf6 7. h3 Qc7 8. Be3 Be7 9. 0-0 Nbd7 10. Nh2 Nb6 11. Bb3 g5 12. Ng4 Nxg4 13. hxg4 Bd7 14. Qf3 Qc8 15. dxc6 Be6 16. cxb7 Qxb7 17. Ne2 Nd7 18. Bxe6 fxe6 19. b3 Nf6 20. c4 0-0 21. Qh3 Kg7 22. f3 Rac8 23. Ng3 Bd8 24. Rad1 Bb6 25. Kf2 Bxe3+ 26. Kxe3 Qb6+ 27. Ke2 Qa6 28. Rd2 Qb6 29. Rfd1 Rfd8 30. Nh5+ Nxh5 31. Qxh5 a5 32. Rb1 Rxc4 33. Rh1 Rxe4+ 34. fxe4 Rh8 35. Qh3 d5 36. exd5 exd5 37. Rxd5 Qc7 38. Qd3 1-0

[Event "Sunningdale e2e4 U2200 op 04"]
[Site "Sunningdale"]
[Date "2014.04.18"]
[Round "3"]
[White "Jacobsen, Caroline Beer"]
[Black "Nwachukwu, Chino"]
[Result "0-1"]
[WhiteElo "1643"]
[BlackElo "1899"]
[PlyCount "66"]
[EventDate "2014.04.17"]
[EventType "swiss"]
[EventRounds "7"]
[EventCountry "ENG"]
[SourceTitle "EXT 2015"]
[Source "ChessBase"]
[SourceDate "2014.11.20"]
[SourceVersion "1"]
[SourceVersionDate "2014.11.20"]
[SourceQuality "1"]

1. e4 c5 2. Nc3 e6 3. f4 d5 4. e5 d4 5. Ne4 f5 6. Ng5 Be7 7. h4 Nc6 8. Bc4 Bxg5 9. hxg5 g6 10. Nf3 Bd7 11. Nh4 Nge7 12. b3 Qc7 13. Bb2 0-0-0 14. a4 Na5 15. Qe2 Nxc4 16. bxc4 Bc6 17. d3 h6 18. Kf2 hxg5 19. fxg5 Rh5 20. Bc1 Rdh8 21. Kg3 Be8 22. Bf4 Nc6 23. Qe1 Qh7 24. Nxf5 gxf5 25. Rxh5 Qxh5 26. Kf2 Qg4 27. Qd2 Rh4 28. Bg3 Rh5 29. Bf4 Ne7 30. a5 Bc6 31. Kg1 Ng6 32. Rf1 Nxf4 33. Qxf4 Qxg2# 0-1

[Event "Rogala-ch op A"]
[Site "Torvastad"]
[Date "2013.10.13"]
[Round "5"]
[White "Tallaksen, Henrik G"]
[Black "Jacobsen, Caroline Beer"]
[Result "1-0"]
[WhiteElo "1563"]
[BlackElo "1398"]
[PlyCount "149"]
[EventDate "2013.10.11"]
[EventType "swiss"]
[EventRounds "5"]
[EventCountry "NOR"]
[SourceTitle "EXT 2024"]
[Source "ChessBase"]
[SourceDate "2023.10.10"]
[SourceVersion "1"]
[SourceVersionDate "2023.10.10"]
[SourceQuality "1"]

1. c4 e5 2. Nc3 Nf6 3. e3 d5 4. cxd5 Nxd5 5. Qb3 Nb6 6. Nf3 Nc6 7. Bb5 Be6 8. Qc2 Bd7 9. 0-0 Qf6 10. b3 a6 11. Be2 Bd6 12. Ne4 Qg6 13. Nxd6+ Qxd6 14. Bb2 0-0 15. d4 exd4 16. Nxd4 Rfe8 17. Rfd1 Qh6 18. Bf3 Nxd4 19. Bxd4 Bc6 20. Bxc6 bxc6 21. Rac1 Re6 22. Qd2 Rd6 23. Qe2 Qe6 24. Rc2 Rad8 25. Rdc1 a5 26. Bc5 R6d7 27. Bxb6 cxb6 28. Rxc6 Rd6 29. Rxd6 Qxd6 30. h3 h6 31. Qf3 Qd2 32. Rc7 Rd7 33. Rxd7 Qxd7 34. Qa8+ Kh7 35. Qe4+ Kg8 36. Qd4 Qc7 37. Qc4 Qd7 38. Qc2 Qd6 39. f4 Qe6 40. Kf2 Qd6 41. Ke2 Qd5 42. e4 Qd4 43. Kf3 g6 44. Qc8+ Kg7 45. Qc4 Qd1+ 46. Kg3 Qe1+ 47. Kh2 Qf2 48. Qc3+ Kg8 49. Qc8+ Kg7 50. Qc3+ Kg8 51. Qc8+ Kg7 52. Qb8 Qe3 53. Qe5+ Kg8 54. f5 gxf5 55. Qxf5 Qe2 56. Qg4+ Qxg4 57. hxg4 Kg7 58. Kg3 Kg6 59. Kf4 Kf6 60. a3 Ke6 61. e5 f6 62. exf6 Kxf6 63. a4 Kg6 64. Ke5 Kg5 65. Kd5 Kxg4 66. Kc6 Kg3 67. Kxb6 Kxg2 68. Kxa5 h5 69. Kb5 h4 70. a5 h3 71. a6 h2 72. a7 h1Q 73. a8Q+ Kg1 74. Qxh1+ Kxh1 75. Kc6 1-0

[Event "Politiken Cup 35th"]
[Site "Helsingor"]
[Date "2013.08.03"]
[Round "9"]
[White "Jacobsen, Caroline Beer"]
[Black "Standal, Bard"]
[Result "1/2-1/2"]
[WhiteElo "1585"]
[BlackElo "1807"]
[PlyCount "24"]
[EventDate "2013.07.27"]
[EventType "swiss"]
[EventRounds "10"]
[EventCountry "DEN"]
[SourceTitle "CBM 155 Extra"]
[Source "ChessBase"]
[SourceDate "2013.08.26"]
[SourceVersion "1"]
[SourceVersionDate "2013.08.26"]
[SourceQuality "1"]

1. c4 Nf6 2. g3 g6 3. Bg2 Bg7 4. e4 e5 5. d3 d6 6. Ne2 0-0 7. Nbc3 Nc6 8. 0-0 Bd7 9. h3 a6 10. Be3 Nh5 11. Rb1 Nd4 12. h4 Qc8 1/2-1/2

[Event "NOR-ch U16 Girls"]
[Site "Fauskanger"]
[Date "2013.02.??"]
[Round "2"]
[White "Kyrkjebo, Hannah Bakken"]
[Black "Jacobsen, Caroline Beer"]
[Result "1-0"]
[WhiteElo "1543"]
[BlackElo "1610"]
[PlyCount "75"]
[EventDate "2013.02.01"]
[EventType "swiss"]
[EventRounds "6"]
[EventCountry "NOR"]
[SourceTitle "EXT 2024"]
[Source "ChessBase"]
[SourceDate "2023.10.10"]
[SourceVersion "1"]
[SourceVersionDate "2023.10.10"]
[SourceQuality "1"]

1. e4 e5 2. Nf3 Nc6 3. Nc3 Nf6 4. Bb5 Nd4 5. Bc4 Nxf3+ 6. gxf3 c6 7. d4 exd4 8. Qxd4 b6 9. Bg5 Bc5 10. Qd2 Be7 11. 0-0-0 Nh5 12. Bxe7 Qxe7 13. Rhg1 b5 14. Bd3 Bb7 15. Rg5 g6 16. f4 0-0 17. Rdg1 Ng7 18. f5 Qf6 19. R5g4 Ne8 20. Qh6 Qg7 21. Qh4 d6 22. R4g3 a5 23. f4 a4 24. a3 Nc7 25. f6 Qh8 26. f5 c5 27. Bxb5 Ra5 28. Bc4 Ba6 29. Bxa6 Rxa6 30. Nd5 Nxd5 31. exd5 Re8 32. Rh3 Re5 33. fxg6 fxg6 34. Rxg6+ Kf8 35. Qxh7 Qxh7 36. Rxh7 Rxd5 37. f7 Rf5 38. Rg8+ 1-0

[Event "Wch U16 Girls"]
[Site "Al Ain"]
[Date "2013.??.??"]
[Round "6"]
[White "Jacobsen, Caroline Beer"]
[Black "Methmani, Nelunika"]
[Result "0-1"]
[WhiteElo "1621"]
[BlackElo "1672"]
[PlyCount "100"]
[EventDate "2013.12.18"]
[EventType "swiss"]
[EventRounds "11"]
[EventCountry "UAE"]
[SourceTitle "CBM 158 Extra"]
[Source "ChessBase"]
[SourceDate "2014.02.28"]
[SourceVersion "1"]
[SourceVersionDate "2014.02.28"]
[SourceQuality "1"]

1. e4 c5 2. Nc3 Nc6 3. f4 g6 4. Nf3 Bg7 5. Bb5 Nd4 6. 0-0 Nxb5 7. Nxb5 d6 8. Nc3 e6 9. d4 cxd4 10. Nxd4 Qb6 11. Nce2 Ne7 12. Rf3 a6 13. Rb3 Qc7 14. Qd3 0-0 15. c4 Rd8 16. Be3 Bd7 17. Nf3 b5 18. Rc1 Qb8 19. c5 d5 20. e5 a5 21. a3 a4 22. Rbc3 Nc6 23. Ned4 b4 24. Nxc6 Bxc6 25. R3c2 Bf8 26. Qd1 Ra6 27. Qe1 b3 28. Rc3 Rd7 29. g4 Be7 30. g5 Bd8 31. Qh4 h5 32. Nd4 Ba5 33. Nxc6 Rxc6 34. Rd3 Qb5 35. Rdd1 Qe2 36. Qf2 Qg4+ 37. Qg2 Qf5 38. Rd4 Ra7 39. Rxa4 Bd2 40. Bxd2 Rxa4 41. Qf3 Rd4 42. Qc3 Rd3 43. Qb4 Qg4+ 44. Kh1 Qf3+ 45. Kg1 Qe2 46. Bc3 Qe3+ 47. Kg2 Qxc1 48. Qb5 Qc2+ 49. Kf1 Rd1+ 50. Be1 Qe4 0-1

[Event "Wch U16 Girls"]
[Site "Al Ain"]
[Date "2013.??.??"]
[Round "8"]
[White "Poteat, Lilia M"]
[Black "Jacobsen, Caroline Beer"]
[Result "1-0"]
[WhiteElo "1866"]
[BlackElo "1621"]
[PlyCount "53"]
[EventDate "2013.12.18"]
[EventType "swiss"]
[EventRounds "11"]
[EventCountry "UAE"]
[SourceTitle "CBM 158 Extra"]
[Source "ChessBase"]
[SourceDate "2014.02.28"]
[SourceVersion "1"]
[SourceVersionDate "2014.02.28"]
[SourceQuality "1"]

1. e4 e5 2. Nf3 Nc6 3. Bb5 a6 4. Ba4 Nf6 5. 0-0 Be7 6. Bxc6 dxc6 7. Qe1 Nd7 8. d4 Bf6 9. dxe5 Nxe5 10. Nxe5 Bxe5 11. f4 Qd4+ 12. Kh1 Bd6 13. c3 Qa7 14. e5 Bc5 15. b4 Bb6 16. f5 Rf8 17. Qg3 g6 18. Bh6 Rg8 19. e6 f6 20. Nd2 a5 21. Ne4 Ke7 22. Qh4 Bd4 23. cxd4 Qxd4 24. Rad1 Qe5 25. Nxf6 Qxf6 26. Bg5 Qxg5 27. Qxg5+ 1-0

[Event "Politiken Cup 34th"]
[Site "Helsingor"]
[Date "2012.08.05"]
[Round "10"]
[White "Rendlev, Niels Moller"]
[Black "Jacobsen, Caroline Beer"]
[Result "0-1"]
[WhiteElo "1844"]
[BlackElo "1587"]
[PlyCount "94"]
[EventDate "2012.07.28"]
[EventType "swiss"]
[EventRounds "10"]
[EventCountry "DEN"]
[SourceTitle "CBM 149 Extra"]
[Source "ChessBase"]
[SourceDate "2012.08.24"]
[SourceVersion "1"]
[SourceVersionDate "2012.08.24"]
[SourceQuality "1"]

1. d4 Nf6 2. f4 d5 3. e3 Bf5 4. Nf3 e6 5. c3 c5 6. Be2 Nbd7 7. 0-0 c4 8. Ne5 Nxe5 9. fxe5 Ne4 10. Nd2 b5 11. Nxe4 Bxe4 12. Bh5 g6 13. Bf3 Bxf3 14. Qxf3 Qd7 15. e4 Bg7 16. Bg5 0-0 17. Bf6 Bxf6 18. exf6 dxe4 19. Qf4 Kh8 20. Rae1 Rg8 21. Rxe4 g5 22. Qg4 Rg6 23. Re3 a5 24. Rh3 h6 25. Qe4 Rb8 26. g4 b4 27. Rf2 b3 28. a3 Re8 29. Re3 Qd8 30. Qe5 Qb6 31. h3 Rd8 32. Qg3 Kh7 33. Re5 Qc7 34. Qf3 Qb6 35. Qe4 Kh8 36. Rh2 Rxf6 37. h4 Rf4 38. Qg2 f6 39. hxg5 fxe5 40. Rxh6+ Kg7 41. Qh3 Rg8 42. Rh7+ Kf8 43. Qh6+ Ke8 44. Qh5+ Kd8 45. g6 Kc8 46. Qxe5 Rxg4+ 47. Kf2 R4xg6 0-1